Optical communications : A telecommunications review

Uloženo v:
Podrobná bibliografie
Korporativní autor: Siemens Aktiengesellschaft
Médium: Kniha
Jazyk:Undetermined
Vydáno: New York John Wiley & Sons Limited 1984
Témata:
Tagy: Přidat tag
Žádné tagy, Buďte první, kdo otaguje tento záznam!
Thư viện lưu trữ: Trung tâm Học liệu Trường Đại học Cần Thơ
LEADER 00552nam a2200193Ia 4500
001 CTU_98256
008 210402s9999 xx 000 0 und d
082 |a 621.382 
082 |b S588 
110 |a Siemens Aktiengesellschaft 
245 0 |a Optical communications : 
245 2 |b A telecommunications review 
245 0 |c Siemens Aktiengesellschaft 
260 |a New York 
260 |b John Wiley & Sons Limited 
260 |c 1984 
650 |a Optical communications 
904 |i Hiếu 
980 |a Trung tâm Học liệu Trường Đại học Cần Thơ